[Event "chess.com Speed 2019"]
[Site "chess.com INT"]
[Date "2019.11.19"]
[Round "2.8"]
[White "So, Wesley"]
[Black "Vachier-Lagrave, Maxime"]
[Result "1/2-1/2"]
[WhiteTitle "GM"]
[BlackTitle "GM"]
[WhiteElo "2767"]
[BlackElo "2774"]
[WhiteFideId "5202213"]
[BlackFideId "623539"]
[EventDate "2019.09.02"]

1. e4 c5 2. Nf3 d6 3. d4 cxd4 4. Nxd4 Nf6 5. Nc3 a6 6. h3 g6 7. g4 Bg7 8. Bg2
O-O 9. Be3 Nbd7 10. a4 Ne5 11. b3 Bd7 12. a5 Rc8 13. Qd2 Qc7 14. Nd5 Nxd5 15.
exd5 Qc3 16. Qxc3 Rxc3 17. Kd2 Rfc8 18. Ra2 Bb5 19. Bf1 Bxf1 20. Rxf1 R8c5 21.
Ne2 Nf3+ 22. Kc1 Rxd5 23. Nxc3 Bxc3 24. Rd1 Rxa5 25. Rxa5 Bxa5 26. c4 Kf8 27. c5
Bb4 28. Kc2 Ke8 29. cxd6 Bxd6 30. Kd3 Ne5+ 31. Ke4 Nc6 32. f4 f6 33. f5 g5 34.
h4 h6 35. hxg5 hxg5 36. Bd4 Kf7 37. Bc3 Be5 38. Be1 Bd6 39. Bc3 Be5 40. Be1 Bd6
41. Bc3 1/2-1/2

[Event "chess.com Speed 2019"]
[Site "chess.com INT"]
[Date "2019.11.19"]
[Round "2.9"]
[White "Vachier-Lagrave, Maxime"]
[Black "So, Wesley"]
[Result "0-1"]
[WhiteTitle "GM"]
[BlackTitle "GM"]
[WhiteElo "2774"]
[BlackElo "2767"]
[WhiteFideId "623539"]
[BlackFideId "5202213"]
[EventDate "2019.09.02"]

1. c4 e5 2. g3 Nf6 3. Bg2 c6 4. e4 d5 5. exd5 cxd5 6. Nc3 dxc4 7. Qa4+ Nc6 8.
Bxc6+ bxc6 9. Nf3 Qc7 10. O-O Bd6 11. Qxc4 Bg4 12. Ng5 O-O 13. d3 Rab8 14. a3
Kh8 15. Qa4 h6 16. Nge4 Nxe4 17. Nxe4 f5 18. Nc3 Bf3 19. Re1 f4 20. Ne4 Qd7 21.
Nd2 Bd5 22. Ne4 Qh3 0-1

[Event "chess.com Speed 2019"]
[Site "chess.com INT"]
[Date "2019.11.19"]
[Round "2.10"]
[White "So, Wesley"]
[Black "Vachier-Lagrave, Maxime"]
[Result "1-0"]
[WhiteTitle "GM"]
[BlackTitle "GM"]
[WhiteElo "2767"]
[BlackElo "2774"]
[WhiteFideId "5202213"]
[BlackFideId "623539"]
[EventDate "2019.09.02"]

1. e4 c5 2. Nf3 Nc6 3. d4 cxd4 4. Nxd4 Nf6 5. Nc3 g6 6. Nxc6 bxc6 7. e5 Ng8 8.
Bc4 d5 9. exd6 Qxd6 10. Qf3 Be6 11. Bf4 Qd7 12. Rd1 Qc8 13. Nb5 1-0

[Event "chess.com Speed 2019"]
[Site "chess.com INT"]
[Date "2019.11.19"]
[Round "2.11"]
[White "Vachier-Lagrave, Maxime"]
[Black "So, Wesley"]
[Result "0-1"]
[WhiteTitle "GM"]
[BlackTitle "GM"]
[WhiteElo "2774"]
[BlackElo "2767"]
[WhiteFideId "623539"]
[BlackFideId "5202213"]
[EventDate "2019.09.02"]

1. g3 d5 2. Nf3 g6 3. Bg2 Bg7 4. d4 Nf6 5. O-O O-O 6. Nbd2 Nbd7 7. c4 c5 8. cxd5
Nxd5 9. e4 Nb4 10. d5 b6 11. a3 Nd3 12. Nc4 Nxc1 13. Rxc1 b5 14. Ne3 Bxb2 15.
Rb1 Bg7 16. d6 e6 17. e5 Rb8 18. Qc2 a6 19. a4 Bb7 20. axb5 axb5 21. Rxb5 Bxf3
22. Rxb8 Qxb8 23. Bxf3 Nxe5 24. Bg2 Qxd6 25. Rd1 Qc7 26. Rc1 Rc8 27. h4 h5 28.
Qe4 Nd7 29. Nc4 Bd4 30. Kf1 Nf6 31. Qb7 Qxb7 32. Bxb7 Rb8 33. Bf3 Rb3 34. Bd1
Rc3 35. Rxc3 Bxc3 36. Ke2 Bd4 37. f3 Nd5 38. Bb3 Kf8 39. Nd6 Ke7 40. Ne4 Nc3+
41. Nxc3 Bxc3 42. g4 Bf6 43. g5 Be5 0-1

[Event "chess.com Speed 2019"]
[Site "chess.com INT"]
[Date "2019.11.19"]
[Round "2.13"]
[White "Vachier-Lagrave, Maxime"]
[Black "So, Wesley"]
[Result "1/2-1/2"]
[WhiteTitle "GM"]
[BlackTitle "GM"]
[WhiteElo "2774"]
[BlackElo "2767"]
[WhiteFideId "623539"]
[BlackFideId "5202213"]
[EventDate "2019.09.02"]

1. f4 f5 2. e4 fxe4 3. d3 exd3 4. Bxd3 Nf6 5. Nf3 d6 6. O-O g6 7. f5 gxf5 8. Nd4
e6 9. Qe2 Qe7 10. Bg5 Bg7 11. Nc3 Nc6 12. Nxc6 bxc6 13. Rae1 e5 14. Bxf5 Bxf5
15. Rxf5 Qe6 16. Bxf6 Qxf5 17. Bxg7 Rg8 18. Qc4 O-O-O 19. Rf1 Qg5 20. Qxc6 Rxg7
21. Qa6+ Kd7 22. Qb5+ Ke6 23. Qc4+ Kd7 24. Qb5+ Ke6 25. Qc4+ Kd7 26. Qb5+ 1/2-1/2

[Event "chess.com Speed 2019"]
[Site "chess.com INT"]
[Date "2019.11.19"]
[Round "2.14"]
[White "So, Wesley"]
[Black "Vachier-Lagrave, Maxime"]
[Result "1/2-1/2"]
[WhiteTitle "GM"]
[BlackTitle "GM"]
[WhiteElo "2767"]
[BlackElo "2774"]
[WhiteFideId "5202213"]
[BlackFideId "623539"]
[EventDate "2019.09.02"]

1. e4 c5 2. Nf3 d6 3. d4 cxd4 4. Nxd4 Nf6 5. Nc3 Nc6 6. Bg5 e6 7. Qd2 Be7 8.
O-O-O Nxd4 9. Qxd4 O-O 10. f4 Qa5 11. Bc4 Rd8 12. e5 dxe5 13. Qxe5 Qb6 14. Rxd8+
Bxd8 15. Rd1 Bd7 16. f5 Ng4 17. Qf4 Bxg5 18. Qxg5 Nf6 19. fxe6 Bxe6 20. Bxe6
fxe6 21. a4 Rc8 22. Qb5 Qc7 23. Kb1 a6 24. Qe2 Re8 25. g4 Qc6 26. g5 Nd5 27.
Nxd5 exd5 28. Qf3 Rd8 29. h4 Qxa4 30. Rxd5 Rf8 31. Rf5 Rxf5 32. Qxf5 Qc6 33. b3
g6 34. Qe5 Qd7 35. Kb2 Qc6 36. c4 Qh1 37. Ka3 Qc6 38. Kb4 Kf7 39. Qd5+ Qxd5 40.
cxd5 b6 41. Kc4 Ke7 42. Kc3 Kd7 43. Kd3 Ke7 44. Kc3 Kd7 45. Kd3 Ke7 46. Kc3 1/2-1/2

[Event "chess.com Speed 2019"]
[Site "chess.com INT"]
[Date "2019.11.19"]
[Round "2.15"]
[White "Vachier-Lagrave, Maxime"]
[Black "So, Wesley"]
[Result "0-1"]
[WhiteTitle "GM"]
[BlackTitle "GM"]
[WhiteElo "2774"]
[BlackElo "2767"]
[WhiteFideId "623539"]
[BlackFideId "5202213"]
[EventDate "2019.09.02"]

1. Nf3 d5 2. g3 g6 3. Bg2 Bg7 4. O-O e5 5. d3 Ne7 6. e4 O-O 7. exd5 Nxd5 8. Re1
Nc6 9. Nbd2 Re8 10. a3 h6 11. Ne4 f5 12. Nc3 Be6 13. Bd2 Qd7 14. Na4 Qd6 15. c4
Nde7 16. Bc3 g5 17. b4 a6 18. Nc5 Bc8 19. Qb3 Ng6 20. d4 e4 21. d5 Nce5 22. Nd4
b6 23. Nce6 Bxe6 24. dxe6 Qf8 25. c5 bxc5 26. bxc5 Rab8 27. e7+ Qf7 28. Qxf7+
Nxf7 29. Rad1 Bxd4 30. Rxd4 Rxe7 31. Rd5 Nge5 32. Red1 Rb3 33. Bb4 c6 34. R5d2
Nd3 35. f3 Nxb4 36. axb4 e3 37. Re2 Rxb4 38. f4 gxf4 39. Bxc6 Kg7 40. Bd5 fxg3
41. hxg3 Rg4 42. Kh2 f4 43. gxf4 Rxf4 44. c6 Rf2+ 45. Rxf2 exf2 46. Kg2 Re1 0-1

[Event "chess.com Speed 2019"]
[Site "chess.com INT"]
[Date "2019.11.19"]
[Round "2.16"]
[White "So, Wesley"]
[Black "Vachier-Lagrave, Maxime"]
[Result "0-1"]
[WhiteTitle "GM"]
[BlackTitle "GM"]
[WhiteElo "2767"]
[BlackElo "2774"]
[WhiteFideId "5202213"]
[BlackFideId "623539"]
[EventDate "2019.09.02"]

1. e4 c6 2. d4 d5 3. exd5 cxd5 4. Bd3 Nf6 5. c3 Nc6 6. Bf4 g6 7. h3 Bg7 8. Nf3
O-O 9. O-O Bf5 10. Be2 Ne4 11. Nbd2 Nd6 12. Qb3 Rc8 13. Rfe1 Na5 14. Qxd5 Be6
15. Qg5 Nf5 16. Bh2 Qb6 17. b4 Nc4 18. Bxc4 Bxc4 19. Nxc4 Rxc4 20. Qd2 Rfc8 21.
g4 Rxc3 22. Rac1 Nxd4 23. Rxc3 Rxc3 24. Nxd4 Bxd4 25. Rxe7 Bxf2+ 26. Qxf2 Rc1+
27. Kg2 Qc6+ 28. Qf3 Rc2+ 29. Kg3 Qd6+ 0-1

[Event "chess.com Speed 2019"]
[Site "chess.com INT"]
[Date "2019.11.19"]
[Round "2.17"]
[White "Vachier-Lagrave, Maxime"]
[Black "So, Wesley"]
[Result "1/2-1/2"]
[WhiteTitle "GM"]
[BlackTitle "GM"]
[WhiteElo "2774"]
[BlackElo "2767"]
[WhiteFideId "623539"]
[BlackFideId "5202213"]
[EventDate "2019.09.02"]

1. Nf3 d5 2. e3 Nf6 3. c4 e6 4. d4 Be7 5. b3 O-O 6. Bb2 c5 7. Bd3 cxd4 8. exd4
Nc6 9. O-O b6 10. Re1 Bb7 11. Nc3 Rc8 12. Rc1 g6 13. Bf1 Re8 14. Ne5 dxc4 15.
Nxc6 Bxc6 16. bxc4 Bb7 17. Qb3 Bf8 18. Rcd1 Bg7 19. d5 e5 20. Nb5 a6 21. Na7 Ra8
22. Nc6 Bxc6 23. dxc6 Qc7 24. c5 bxc5 25. Qb7 Qxb7 26. cxb7 Ra7 27. Bxe5 Rxb7
28. Bxa6 Rbe7 29. Bc3 Ne4 30. Bxg7 Kxg7 31. Bb5 Rb8 32. a4 Kf8 33. Rc1 Nd6 34.
Rxe7 Kxe7 35. Rxc5 Nxb5 36. Rxb5 Rxb5 37. axb5 Kd6 38. g4 Kc5 39. Kg2 Kxb5 40.
Kf3 Kc5 41. Kf4 f6 42. g5 Kd6 43. gxf6 h6 44. f7 1/2-1/2

[Event "chess.com Speed 2019"]
[Site "chess.com INT"]
[Date "2019.11.19"]
[Round "2.18"]
[White "So, Wesley"]
[Black "Vachier-Lagrave, Maxime"]
[Result "0-1"]
[WhiteTitle "GM"]
[BlackTitle "GM"]
[WhiteElo "2767"]
[BlackElo "2774"]
[WhiteFideId "5202213"]
[BlackFideId "623539"]
[EventDate "2019.09.02"]

1. e4 c5 2. Nf3 Nc6 3. d4 cxd4 4. Nxd4 Nf6 5. Nc3 e6 6. Ndb5 Bb4 7. a3 Bxc3+ 8.
Nxc3 O-O 9. Bg5 d5 10. exd5 exd5 11. Be2 h6 12. Bh4 d4 13. Ne4 g5 14. Nxf6+ Qxf6
15. Bg3 Bf5 16. O-O Rac8 17. Kh1 Rfe8 18. f4 Qe6 19. fxg5 hxg5 20. Bd3 Ne7 21.
Qd2 Bxd3 22. cxd3 Qg6 23. Qf2 Nd5 24. Qxd4 Ne3 25. Rf6 Qg7 26. Re1 Nc2 27. Rxe8+
Rxe8 28. Qd7 Re1+ 29. Bxe1 Qxf6 30. Qe8+ Kh7 31. Qe2 Nxe1 32. Qxe1 Qxb2 33. h3
Qxa3 34. Qe4+ Kg7 35. Qe5+ f6 36. Qc7+ Kg6 37. Qxb7 Qa1+ 38. Kh2 Qe5+ 39. Kh1 a5
40. Qc6 Kf5 41. Qc8+ Kf4 42. Qg4+ Ke3 43. d4 Qxd4 44. Qe6+ Kf4 45. Qg4+ Ke5 46.
Qg3+ Kd5 47. Qb3+ Kc5 48. Qa3+ Kb5 49. Qb3+ Kc6 50. Qe6+ Kc5 51. Qe7+ Kc4 52.
Qc7+ Kb4 53. Qe7+ Ka4 54. Qe8+ Ka3 55. Qe7+ Kb3 56. Qe6+ Kb2 57. Qe2+ Ka3 58.
Qf3+ Kb4 59. Qb7+ Ka4 60. Qc6+ Kb3 61. Qb5+ Qb4 62. Qd5+ Kb2 63. Qf5 Qe1+ 64.
Kh2 Qe5+ 0-1

[Event "chess.com Speed 2019"]
[Site "chess.com INT"]
[Date "2019.11.19"]
[Round "2.19"]
[White "Vachier-Lagrave, Maxime"]
[Black "So, Wesley"]
[Result "1-0"]
[WhiteTitle "GM"]
[BlackTitle "GM"]
[WhiteElo "2774"]
[BlackElo "2767"]
[WhiteFideId "623539"]
[BlackFideId "5202213"]
[EventDate "2019.09.02"]

1. e4 e5 2. Nf3 Nc6 3. Bc4 Bc5 4. c3 Nf6 5. d3 d6 6. O-O O-O 7. Re1 Bb6 8. h3
Ne7 9. d4 Ng6 10. Nbd2 c6 11. dxe5 dxe5 12. Qc2 h6 13. Nf1 Re8 14. Be3 Be6 15.
Rad1 Qc7 16. Bxe6 Rxe6 17. Bxb6 axb6 18. a3 b5 19. g3 Rd8 20. Ne3 Red6 21. Rxd6
Qxd6 22. Rd1 Qc7 23. Rxd8+ Qxd8 24. c4 Qb6 25. b4 Qa6 26. Qd3 Kh7 27. c5 b6 28.
cxb6 Qxb6 29. Nf5 c5 30. bxc5 Qxc5 31. Nd6 b4 32. axb4 Qxb4 33. Nxf7 Qe7 34. Qc4
Qd7 35. Kg2 Nh5 36. N7xe5 Nhf4+ 37. gxf4 Nxf4+ 38. Kg3 Nh5+ 39. Kh2 1-0

[Event "chess.com Speed 2019"]
[Site "chess.com INT"]
[Date "2019.11.19"]
[Round "2.21"]
[White "Vachier-Lagrave, Maxime"]
[Black "So, Wesley"]
[Result "1-0"]
[WhiteTitle "GM"]
[BlackTitle "GM"]
[WhiteElo "2774"]
[BlackElo "2767"]
[WhiteFideId "623539"]
[BlackFideId "5202213"]
[EventDate "2019.09.02"]

1. d4 Nf6 2. Bf4 d5 3. e3 e6 4. Nf3 Bd6 5. Bg3 O-O 6. Bd3 b6 7. Qe2 c5 8. c3 Qc7
9. Nbd2 Nbd7 10. O-O Bb7 11. a4 a6 12. e4 dxe4 13. Nxe4 Nxe4 14. Bxe4 Bxe4 15.
Qxe4 Nf6 16. Qe2 Rfd8 17. Rfd1 Bxg3 18. hxg3 h6 19. dxc5 Qxc5 20. Rxd8+ Rxd8 21.
Qxa6 Ne4 22. Qe2 Nxg3 23. Qe5 Qxe5 24. Nxe5 Ne4 25. Nc4 Rb8 26. f3 Nc5 27. b4
Nd3 28. Rd1 Nf4 29. Kf2 Nd5 30. Rd3 Rc8 31. Rxd5 exd5 32. Nxb6 Rxc3 33. Nxd5 Ra3
34. a5 Kf8 35. Ke2 h5 36. Kd2 h4 37. Kc2 Ke8 38. a6 Kd7 39. b5 Kd6 40. b6 Ra2+
41. Kb3 Ra1 42. Nb4 Kd7 43. Kc4 g5 44. Kb5 Kc8 45. Nc6 Rb1+ 46. Kc5 Rc1+ 47. Kd6
Rd1+ 48. Ke7 1-0

[Event "chess.com Speed 2019"]
[Site "chess.com INT"]
[Date "2019.11.19"]
[Round "2.22"]
[White "So, Wesley"]
[Black "Vachier-Lagrave, Maxime"]
[Result "0-1"]
[WhiteTitle "GM"]
[BlackTitle "GM"]
[WhiteElo "2767"]
[BlackElo "2774"]
[WhiteFideId "5202213"]
[BlackFideId "623539"]
[EventDate "2019.09.02"]

1. e4 c6 2. d4 d5 3. Nc3 dxe4 4. Nxe4 Nf6 5. Nxf6+ exf6 6. c3 Bd6 7. Bd3 O-O 8.
Ne2 Re8 9. Qc2 h5 10. Be3 Nd7 11. O-O Qc7 12. h3 Nf8 13. Qd2 Ng6 14. Rfe1 Be6
15. c4 Rad8 16. b3 a5 17. c5 Bf8 18. Nf4 Nxf4 19. Bxf4 Qd7 20. Be3 Bxc5 21. dxc5
Qxd3 22. Rad1 Qxd2 23. Rxd2 Bd5 24. Rd4 Re4 25. Red1 f5 26. Rxe4 fxe4 27. Rd4 f6
28. Ra4 h4 29. Rxa5 Kf7 30. Ra4 g5 31. Rb4 Rd7 32. g3 hxg3 33. fxg3 Kg6 34. Kg2
f5 35. h4 f4 36. gxf4 gxh4 37. Kh3 Rh7 38. Rd4 Be6+ 39. Kh2 Kf5 40. Bc1 Rg7 41.
Rb4 Bd5 42. Kh3 Rg1 0-1

[Event "chess.com Speed 2019"]
[Site "chess.com INT"]
[Date "2019.11.19"]
[Round "2.23"]
[White "Vachier-Lagrave, Maxime"]
[Black "So, Wesley"]
[Result "1-0"]
[WhiteTitle "GM"]
[BlackTitle "GM"]
[WhiteElo "2774"]
[BlackElo "2767"]
[WhiteFideId "623539"]
[BlackFideId "5202213"]
[EventDate "2019.09.02"]

1. e4 e5 2. Nf3 Nc6 3. Bc4 Bc5 4. b4 Bxb4 5. c3 Ba5 6. d4 exd4 7. O-O Nge7 8.
cxd4 d6 9. Ng5 d5 10. exd5 Nxd5 11. Nxf7 Kxf7 12. Qf3+ Qf6 13. Bxd5+ Ke7 14.
Qe4+ Kd8 15. Be3 Bf5 16. Qf3 Bb6 17. Nc3 Bg6 18. Qg3 Qd6 19. Bf4 Qd7 20. Rfe1
Nxd4 21. Rad1 Re8 22. Rxe8+ Qxe8 23. Be5 c6 24. Bc4 Qd7 25. Bxd4 Bxd4 26. Qh4+
Bf6 27. Rxd7+ Kxd7 28. Qh3+ Kc7 29. Qg3+ Kb6 30. Na4+ Ka5 31. Nc5 b5 32. Qa3+
Kb6 33. Nd7+ Kc7 34. Nxf6 gxf6 35. Qa5+ Kb7 36. Bxb5 cxb5 37. Qxb5+ Kc7 38. Qc5+
Kb7 39. Qd5+ Kb8 40. Qc6 a5 41. Qxf6 Ra7 42. g4 Rb7 43. Qe5+ Kc8 44. Qxa5 Be4
45. Qc3+ Rc7 46. Qe3 Bg6 47. h4 Rc6 48. h5 Bf7 49. Qf3 Rc7 50. Qf5+ Rd7 51. Qxh7
Kc7 52. Qc2+ Kd8 53. h6 Bg8 54. g5 Bh7 55. g6 Bxg6 56. Qxg6 Ke7 57. h7 Rd6 58.
Qxd6+ Kxd6 59. h8=Q Kd5 60. f4 Kc4 61. Qe5 Kb4 62. f5 Ka3 63. f6 Kxa2 64. Qb5
Ka1 65. f7 Ka2 66. f8=Q Ka1 67. Qa8# 1-0

[Event "chess.com Speed 2019"]
[Site "chess.com INT"]
[Date "2019.11.19"]
[Round "2.24"]
[White "So, Wesley"]
[Black "Vachier-Lagrave, Maxime"]
[Result "0-1"]
[WhiteTitle "GM"]
[BlackTitle "GM"]
[WhiteElo "2767"]
[BlackElo "2774"]
[WhiteFideId "5202213"]
[BlackFideId "623539"]
[EventDate "2019.09.02"]

1. d4 Nf6 2. c4 g6 3. Nc3 Bg7 4. e4 d6 5. Nf3 O-O 6. Be2 e5 7. dxe5 dxe5 8. Qxd8
Rxd8 9. Bg5 c6 10. Nxe5 Re8 11. f4 Na6 12. O-O-O Nc5 13. Bf3 Ne6 14. Bxf6 Bxf6
15. Nd3 Nd4 16. e5 Be7 17. Be4 Bg4 18. Rd2 Rad8 19. b3 f5 20. exf6 Bxf6 21. h3
Nxb3+ 22. axb3 Bxc3 23. Rc2 Bd4 24. hxg4 Be3+ 25. Kb1 Rxe4 26. Rd1 Red4 27. Rc3
Bxf4 28. Kc2 Bg5 29. b4 b6 30. Kb3 Rxg4 31. Ne5 Rxd1 32. Nxg4 Rb1+ 33. Kc2 Rc1+
34. Kb3 Rxc3+ 35. Kxc3 h5 36. Nf2 Kf7 37. Ne4 Bf6+ 38. Kd3 Ke6 39. b5 cxb5 40.
cxb5 Bg7 41. Kc4 Ke5 42. Ng5 Bf6 43. Nf3+ Ke6 44. Nd2 g5 45. Ne4 g4 46. Nf2 Bh4
47. Nd3 Bg3 48. Kd4 Kf5 49. Ke3 h4 50. Nb4 Bd6 51. Nc6 Bc5+ 52. Ke2 Kf4 53. Nxa7
h3 54. gxh3 gxh3 55. Kf1 Kg3 56. Ke2 h2 0-1

[Event "chess.com Speed 2019"]
[Site "chess.com INT"]
[Date "2019.11.19"]
[Round "2.25"]
[White "Vachier-Lagrave, Maxime"]
[Black "So, Wesley"]
[Result "0-1"]
[WhiteTitle "GM"]
[BlackTitle "GM"]
[WhiteElo "2774"]
[BlackElo "2767"]
[WhiteFideId "623539"]
[BlackFideId "5202213"]
[EventDate "2019.09.02"]

1. e4 e5 2. Nf3 Nc6 3. Bb5 Nf6 4. d3 Bc5 5. O-O Nd4 6. Nxd4 Bxd4 7. c3 Bb6 8.
Nd2 O-O 9. Nc4 d5 10. Nxb6 axb6 11. exd5 Qxd5 12. a4 Be6 13. Qe2 c6 14. Bc4 Qd6
15. Bxe6 Qxe6 16. Re1 Rfe8 17. Be3 Nd5 18. Bd2 Qd6 19. Qf3 Re6 20. g3 Nf6 21.
Re3 e4 22. Qe2 Rae8 23. dxe4 Nxe4 24. Be1 Ng5 25. Rxe6 Rxe6 26. Qg4 Qd5 0-1

[Event "chess.com Speed 2019"]
[Site "chess.com INT"]
[Date "2019.11.19"]
[Round "2.26"]
[White "So, Wesley"]
[Black "Vachier-Lagrave, Maxime"]
[Result "1-0"]
[WhiteTitle "GM"]
[BlackTitle "GM"]
[WhiteElo "2767"]
[BlackElo "2774"]
[WhiteFideId "5202213"]
[BlackFideId "623539"]
[EventDate "2019.09.02"]

1. e4 c5 2. Nf3 d6 3. d4 cxd4 4. Nxd4 Nf6 5. Nc3 a6 6. h3 e5 7. Nb3 Be6 8. f4 g6
9. Be2 Nbd7 10. O-O Rc8 11. Be3 exf4 12. Bxf4 Be7 13. Kh1 Ne5 14. Qe1 O-O 15.
Rd1 Qc7 16. Bg5 Ne8 17. Bh6 Ng7 18. Nd4 Qd8 19. Qg3 Bh4 20. Qf4 Qe7 21. g3 g5
22. Qf2 Bxh3 23. Nd5 Qd8 24. Nf6+ Kh8 25. gxh4 Bxf1 26. Rxf1 1-0

[Event "chess.com Speed 2019"]
[Site "chess.com INT"]
[Date "2019.11.19"]
[Round "2.27"]
[White "Vachier-Lagrave, Maxime"]
[Black "So, Wesley"]
[Result "1-0"]
[WhiteTitle "GM"]
[BlackTitle "GM"]
[WhiteElo "2774"]
[BlackElo "2767"]
[WhiteFideId "623539"]
[BlackFideId "5202213"]
[EventDate "2019.09.02"]

1. e4 e5 2. Nf3 Nc6 3. Bb5 Nf6 4. O-O Nxe4 5. Re1 Nd6 6. Nxe5 Be7 7. Bf1 Nf5 8.
Nf3 O-O 9. d4 d5 10. g3 Re8 11. Nc3 Be6 12. Ne2 g5 13. c3 f6 14. Bd2 Qd7 15. Nc1
Bd6 16. Nd3 b6 17. Bg2 Nce7 18. h3 c6 19. a4 Ng7 20. h4 h6 21. hxg5 hxg5 22. a5
Bf5 23. Nb4 Be4 24. axb6 axb6 25. Rxa8 Rxa8 26. Nh2 Bxg2 27. Kxg2 Bxb4 28. cxb4
Kf7 29. Ng4 Rh8 30. Bxg5 Qf5 31. Bxf6 Ng6 32. Qf3 Qxf3+ 33. Kxf3 Ra8 34. Bxg7
Kxg7 35. Re6 Ra4 36. Rxc6 Rxb4 37. Ne3 Rxd4 38. Nf5+ Kf7 39. Nxd4 Ne5+ 40. Ke3
Nxc6 41. Nxc6 Ke6 42. Kd4 Kd6 43. Nb4 Ke6 44. Nxd5 Kd6 45. g4 Ke6 46. f4 Kd6 47.
f5 Kc6 48. g5 Kd6 49. g6 Kc6 50. g7 Kd6 51. g8=Q Kc6 52. Qe8+ Kd6 53. Qe6# 1-0

[Event "chess.com Speed 2019"]
[Site "chess.com INT"]
[Date "2019.11.19"]
[Round "2.28"]
[White "So, Wesley"]
[Black "Vachier-Lagrave, Maxime"]
[Result "1-0"]
[WhiteTitle "GM"]
[BlackTitle "GM"]
[WhiteElo "2767"]
[BlackElo "2774"]
[WhiteFideId "5202213"]
[BlackFideId "623539"]
[EventDate "2019.09.02"]

1. e4 c5 2. Nf3 d6 3. d4 cxd4 4. Nxd4 Nf6 5. Nc3 a6 6. h3 g6 7. g4 Bg7 8. Bg2
O-O 9. Be3 Nc6 10. Nde2 Bd7 11. a4 b5 12. axb5 axb5 13. Rxa8 Qxa8 14. Nxb5 Ne5
15. Nbc3 Bc6 16. Nd5 Nxd5 17. exd5 Bb5 18. b3 Qa5+ 19. Bd2 Qa7 20. O-O h5 21. c4
Bxc4 22. bxc4 hxg4 23. hxg4 Nxc4 24. Bc3 Bxc3 25. Nxc3 Ne5 26. g5 Kg7 27. Qd2
Rh8 28. Qe3 Qxe3 29. fxe3 Rh4 30. Ne4 Rh8 31. Kf2 Rb8 32. Kg3 Rb3 33. Re1 Nd3
34. Re2 Ne5 35. Nf2 Nc4 36. Ng4 Rc3 37. Bf3 Ra3 38. e4 Nb6 39. Kf2 Nd7 40. e5
Nc5 41. exd6 exd6 42. Kg2 Nd3 43. Re8 Nf4+ 44. Kg3 Nxd5 45. Rd8 f5 46. Rd7+ Kf8
47. Nf6 Nxf6 48. gxf6 g5 49. Kf2 Ra2+ 50. Ke1 Ra1+ 51. Kd2 Ra2+ 52. Kc1 g4 53.
Rd8+ Kf7 54. Bd5+ 1-0

[Event "chess.com Speed 2019"]
[Site "chess.com INT"]
[Date "2019.11.19"]
[Round "2.29"]
[White "Vachier-Lagrave, Maxime"]
[Black "So, Wesley"]
[Result "1-0"]
[WhiteTitle "GM"]
[BlackTitle "GM"]
[WhiteElo "2774"]
[BlackElo "2767"]
[WhiteFideId "623539"]
[BlackFideId "5202213"]
[EventDate "2019.09.02"]

1. c4 c5 2. g3 g6 3. Bg2 Bg7 4. h4 h5 5. Nf3 Nc6 6. d3 e6 7. O-O Nge7 8. Nc3 b6
9. Bg5 Bb7 10. Ne4 d5 11. Nf6+ Kf8 12. e4 d4 13. e5 Qc7 14. Re1 Ng8 15. Qd2 Nxe5
16. Nxe5 Bxg2 17. Ned7+ Ke7 18. Nd5+ Kxd7 19. Nxc7 Bc6 20. Nxa8 Bxa8 21. b4 f6
22. bxc5 bxc5 23. Qa5 Ne7 24. Qxa7+ Kd6 25. Rxe6+ Kxe6 26. Re1+ Kf5 27. Qd7# 1-0

[Event "chess.com Speed 2019"]
[Site "chess.com INT"]
[Date "2019.11.19"]
[Round "2.30"]
[White "So, Wesley"]
[Black "Vachier-Lagrave, Maxime"]
[Result "1/2-1/2"]
[WhiteTitle "GM"]
[BlackTitle "GM"]
[WhiteElo "2767"]
[BlackElo "2774"]
[WhiteFideId "5202213"]
[BlackFideId "623539"]
[EventDate "2019.09.02"]

1. e4 c6 2. d4 d5 3. exd5 cxd5 4. Bd3 Nf6 5. c3 Nc6 6. Bf4 g6 7. h3 Bg7 8. Nf3
O-O 9. O-O Bf5 10. Be2 Ne4 11. Nbd2 Nxd2 12. Qxd2 Rc8 13. Bh6 Re8 14. Rfe1 Qd6
15. Bxg7 Kxg7 16. Bd3 Bxd3 17. Qxd3 e6 18. Re3 a6 19. Rae1 b5 20. h4 h5 21. Ng5
Re7 22. Rf3 f6 23. Nh3 e5 24. Rg3 e4 25. Qd2 Rg8 26. Qf4 Qd7 27. Ree3 Nd8 28. f3
Rge8 29. fxe4 Rxe4 30. Rxe4 Rxe4 31. Qf3 Qd6 32. Qf2 Ne6 33. Rf3 f5 34. g3 b4
35. Kg2 bxc3 36. bxc3 Qe7 37. Qf1 Qa3 38. Nf2 Qxa2 39. Qd3 Qe2 40. Qb1 Re3 41.
Qb7+ Kf6 42. Qxd5 Rxf3 43. Qxf3 Qxf3+ 44. Kxf3 a5 45. Nd3 a4 46. Ke3 a3 47. Nb4
g5 48. hxg5+ Nxg5 49. c4 Ne4 50. c5 Nxg3 51. c6 Ne4 52. Kf4 Nd6 53. d5 h4 54.
Na2 h3 55. Kg3 Ke5 56. Nb4 Kd4 57. Nc2+ Kxd5 58. Nxa3 Kxc6 59. Kxh3 Kd5 60. Kg3
Ke4 61. Kf2 f4 62. Nc2 Nc4 63. Ne1 Ne5 64. Ng2 Nd3+ 65. Kf1 f3 66. Nh4 Ke3 67.
Nxf3 1/2-1/2

[Event "chess.com Speed 2019"]
[Site "chess.com INT"]
[Date "2019.11.19"]
[Round "2.31"]
[White "Vachier-Lagrave, Maxime"]
[Black "So, Wesley"]
[Result "0-1"]
[WhiteTitle "GM"]
[BlackTitle "GM"]
[WhiteElo "2774"]
[BlackElo "2767"]
[WhiteFideId "623539"]
[BlackFideId "5202213"]
[EventDate "2019.09.02"]

1. d4 Nf6 2. Nf3 d5 3. Bg5 Ne4 4. Bf4 c5 5. e3 Nc6 6. c3 e6 7. Nbd2 Nxd2 8. Qxd2
Bd6 9. Bg3 O-O 10. Bd3 b6 11. O-O Bb7 12. Rad1 Ne7 13. Rfe1 Bxg3 14. hxg3 c4 15.
Bc2 f5 16. Ne5 Nc6 17. Nf3 Qf6 18. b3 b5 19. bxc4 bxc4 20. Rb1 Rab8 21. Ba4 Qe7
22. Bxc6 Bxc6 23. Ne5 Qd6 24. f3 Rfc8 25. Kf2 Be8 26. Qc2 Rb6 27. Rxb6 axb6 28.
Rb1 b5 29. Rb2 Ra8 30. Qc1 Ra3 31. Rc2 Qa6 32. Qb2 Qa5 33. Ke2 h6 34. Kd2 Qa4
35. Qb4 Qxb4 36. cxb4 Ra4 37. Kc3 Ra3+ 38. Kd2 Ra4 39. e4 fxe4 40. fxe4 Rxb4 41.
exd5 exd5 42. a3 Rb3 43. Rc3 Rb2+ 44. Ke3 Rxg2 45. Kf4 Rf2+ 46. Ke3 Rg2 47. Kf3
Rb2 48. Re3 Rb3 49. Kf4 Rxe3 50. Kxe3 g5 51. Kd2 h5 0-1